[Event "48th Bosna it"]
[Site "Sarajevo BIH"]
[Date "2018.05.05"]
[Round "1.1"]
[White "Yilmaz, Mustafa"]
[Black "Hoeneveld, Maarten"]
[Result "1-0"]
[WhiteElo "2621"]
[BlackElo "2045"]
[EventDate "2018.05.05"]
[PlyCount "45"]

1.d4 Nf6 2.c4 g6 3.Nc3 Bg7 4.e4 d6 5.Nf3 O-O 6.Be2 c5 7.d5 e6 8.Nd2 exd5 
9.cxd5 Nbd7 10.O-O Re8 11.a4 Rb8 12.Qc2 a6 13.Re1 Qc7 14.Ra3 Nf8 15.a5 b5 
16.axb6 Rxb6 17.Nc4 Rb4 18.Bf4 Rd8 19.Na2 Rb8 20.Bf3 Ra8 21.Nxd6 N6d7 22.
Nxf7 Qxf4 23.Nxd8 1-0

[Event "48th Bosna it"]
[Site "Sarajevo BIH"]
[Date "2018.05.05"]
[Round "1.2"]
[White "Jovovic, Milan"]
[Black "Predke, Alexandr"]
[Result "0-1"]
[WhiteElo "2042"]
[BlackElo "2603"]
[EventDate "2018.05.05"]
[PlyCount "52"]

1.d4 Nf6 2.Bf4 d5 3.e3 c5 4.Nf3 Nc6 5.c3 Qb6 6.Qb3 c4 7.Qxb6 axb6 8.Na3 
Bf5 9.Be2 Ra5 10.Bc7 e6 11.Bxb6 Bxa3 12.bxa3 Rxa3 13.Bc5 Rxc3 14.a4 Ne4 
15.Ba3 Rc2 16.Ne5 Na5 17.Bb4 Nb3 18.Rd1 Nc1 19.Bf3 Nxf2 20.Rd2 Nxh1 21.g4 
Na2 22.gxf5 Rc1+ 23.Rd1 Rxd1+ 24.Kxd1 Nf2+ 25.Ke2 Nxb4 26.Kxf2 exf5 0-1

[Event "48th Bosna it"]
[Site "Sarajevo BIH"]
[Date "2018.05.05"]
[Round "1.3"]
[White "Brkic, Ante"]
[Black "Urh, Zala"]
[Result "1-0"]
[WhiteElo "2598"]
[BlackElo "2040"]
[EventDate "2018.05.05"]
[PlyCount "55"]

1.e4 e5 2.Nf3 Nc6 3.Bc4 Bc5 4.O-O Nf6 5.d3 a6 6.a4 d6 7.c3 Ba7 8.Re1 O-O 
9.Bg5 h6 10.Bh4 g5 11.Bg3 Nh7 12.Na3 Kg7 13.d4 g4 14.Nh4 exd4 15.Nc2 Ne5 
16.Bf1 dxc3 17.bxc3 Qg5 18.Nd4 Bxd4 19.cxd4 Ng6 20.Nxg6 fxg6 21.Rc1 Rf7 
22.Bc4 Re7 23.e5 dxe5 24.Bxe5+ Nf6 25.Qb3 c6 26.Qa3 Rf7 27.Bxf7 Kxf7 28.
Bf4 1-0

[Event "48th Bosna it"]
[Site "Sarajevo BIH"]
[Date "2018.05.05"]
[Round "1.4"]
[White "Mahmutbegovic, Muharem"]
[Black "Kozul, Zdenko"]
[Result "0-1"]
[WhiteElo "2039"]
[BlackElo "2597"]
[EventDate "2018.05.05"]
[PlyCount "66"]

1.e4 c5 2.Nf3 d6 3.d4 cxd4 4.Nxd4 Nf6 5.Nc3 Nc6 6.Be3 e6 7.Be2 Be7 8.O-O 
O-O 9.f4 a6 10.Qe1 Nxd4 11.Bxd4 b5 12.a3 Bb7 13.Bf3 Qc7 14.Rd1 e5 15.Be3 
Rac8 16.f5 h6 17.Rf2 Qb8 18.Rfd2 Rc4 19.Nd5 Bxd5 20.exd5 Qc8 21.c3 Qxf5 
22.Be2 Ra4 23.Bd3 Qh5 24.b4 Ng4 25.h3 Nxe3 26.Qxe3 Rxa3 27.g4 Qg5 28.Qf3 
g6 29.Bb1 Qh4 30.Rf2 Bd8 31.Bxg6 Bb6 32.Bxf7+ Kg7 33.Rf1 Ra2 0-1

[Event "48th Bosna it"]
[Site "Sarajevo BIH"]
[Date "2018.05.05"]
[Round "1.5"]
[White "Can, Emre"]
[Black "Nestorovic, Katarina"]
[Result "1-0"]
[WhiteElo "2596"]
[BlackElo "2038"]
[EventDate "2018.05.05"]
[PlyCount "39"]

1.d4 Nf6 2.c4 e6 3.Nf3 Bb4+ 4.Nbd2 O-O 5.a3 Bxd2+ 6.Qxd2 d6 7.b4 b6 8.e3 
Ne4 9.Qc2 Bb7 10.Be2 f5 11.O-O Nd7 12.Bb2 Rf6 13.d5 Rg6 14.Nd4 Qg5 15.g3 
exd5 16.cxd5 Re8 17.Bb5 Bxd5 18.Bxd7 Nxg3 19.fxg3 f4 20.exf4 1-0

[Event "48th Bosna it"]
[Site "Sarajevo BIH"]
[Date "2018.05.05"]
[Round "1.6"]
[White "Halilovic, Fahrudin"]
[Black "Fier, Alexandr"]
[Result "0-1"]
[WhiteElo "2035"]
[BlackElo "2580"]
[EventDate "2018.05.05"]
[PlyCount "76"]

1.e4 c5 2.d3 Nc6 3.g3 d5 4.Nd2 Nf6 5.Bg2 g6 6.Ngf3 Bg7 7.O-O O-O 8.Re1 e6 
9.Ng5 h6 10.Nh3 e5 11.exd5 Nxd5 12.Ne4 b6 13.c4 Ndb4 14.Qa4 Bd7 15.Be3 Nd4
16.Qd1 Bxh3 17.Bxh3 Nxd3 18.Bg5 hxg5 19.Qxd3 f5 20.Nd2 e4 21.Qb1 g4 22.Bg2
Qg5 23.Rd1 Rad8 24.Nf1 Nf3+ 25.Kh1 Bd4 26.a4 Rd7 27.a5 Rh7 28.Rxd4 Qh5 29.
Bxf3 gxf3 30.h4 Qg4 31.Nh2 Qh3 32.Qf1 Qxf1+ 33.Rxf1 cxd4 34.axb6 axb6 35.
Rd1 Rd8 36.Kg1 Ra7 37.Nf1 Ra2 38.Rb1 Rda8 0-1

[Event "48th Bosna it"]
[Site "Sarajevo BIH"]
[Date "2018.05.05"]
[Round "1.7"]
[White "Djukic, Nikola"]
[Black "Salkic, Mahir"]
[Result "1-0"]
[WhiteElo "2556"]
[BlackElo "2033"]
[EventDate "2018.05.05"]
[PlyCount "35"]

1.e4 e6 2.d4 d5 3.Nc3 Nf6 4.e5 Nfd7 5.f4 c5 6.Nf3 Nc6 7.Be3 Qb6 8.Na4 Qa5+
9.c3 cxd4 10.b4 Qc7 11.Nxd4 Nxd4 12.Bxd4 f6 13.Bd3 fxe5 14.fxe5 Nxe5 15.
Qh5+ Nf7 16.O-O g6 17.Qf3 Ne5 18.Bb5+ 1-0

[Event "48th Bosna it"]
[Site "Sarajevo BIH"]
[Date "2018.05.05"]
[Round "1.8"]
[White "Tarun, Kanyamarala"]
[Black "Kurajica, Bojan"]
[Result "0-1"]
[WhiteElo "2006"]
[BlackElo "2516"]
[EventDate "2018.05.05"]
[PlyCount "84"]

1.Nf3 Nf6 2.c4 e6 3.g3 a6 4.Bg2 b5 5.d3 Bb7 6.O-O Be7 7.Nc3 b4 8.Na4 O-O 
9.a3 a5 10.c5 Na6 11.Be3 Ng4 12.Bd4 f6 13.h3 Nh6 14.e4 Nf7 15.Qc2 Bc6 16.
Rfc1 Qb8 17.Be3 e5 18.d4 exd4 19.Nxd4 Bxa4 20.Qxa4 Nxc5 21.Qc2 Na6 22.Nf5 
Bd8 23.e5 Nxe5 24.Bxa8 Qxa8 25.f4 Nf7 26.axb4 Nxb4 27.Qg2 Qxg2+ 28.Kxg2 
Re8 29.Kf3 c6 30.Bc5 Nd3 31.Rc3 Nxc5 32.Rxc5 g6 33.Nh4 Bb6 34.Rc3 Nd8 35.
Rd1 d5 36.Ng2 Ne6 37.Rxc6 Nd4+ 38.Rxd4 Bxd4 39.Ra6 Rb8 40.Ne1 Rb3+ 41.Ke2 
Re3+ 42.Kf2 Re6+ 0-1

[Event "48th Bosna it"]
[Site "Sarajevo BIH"]
[Date "2018.05.05"]
[Round "1.9"]
[White "Diermair, Andreas"]
[Black "Ababneh, Ghayth"]
[Result "1-0"]
[WhiteElo "2504"]
[BlackElo "2006"]
[EventDate "2018.05.05"]
[PlyCount "93"]

1.Nf3 Nf6 2.c4 d6 3.d4 g6 4.Nc3 Bg7 5.e4 O-O 6.Be2 e5 7.O-O Nc6 8.d5 Ne7 
9.b4 Ne8 10.a4 f5 11.Nd2 Nf6 12.Ba3 fxe4 13.Ndxe4 Nxe4 14.Nxe4 Nf5 15.c5 
Qh4 16.Bd3 dxc5 17.bxc5 c6 18.g3 Qd8 19.Bc4 Nd4 20.d6+ Kh8 21.f3 Bh3 22.
Rf2 Bf5 23.Raa2 Qd7 24.a5 Bh6 25.Qd3 Be6 26.f4 Bxc4 27.Qxc4 Qg4 28.Bb2 Bg7
29.Bxd4 exd4 30.Ng5 Bf6 31.Ne4 Bg7 32.Rae2 Qf5 33.Ng5 Bf6 34.Nf7+ Kg7 35.
Ne5 d3 36.Nxd3 b5 37.Qe4 Qxe4 38.Rxe4 Bc3 39.a6 Rab8 40.Re7+ Rf7 41.Rfe2 
b4 42.Rxf7+ Kxf7 43.Re7+ Kf6 44.Rxa7 Rb5 45.Rb7 Ra5 46.a7 b3 47.d7 1-0

[Event "48th Bosna it"]
[Site "Sarajevo BIH"]
[Date "2018.05.05"]
[Round "1.10"]
[White "Kurtcehajlic, Suad"]
[Black "Kadric, Denis"]
[Result "0-1"]
[WhiteElo "1994"]
[BlackElo "2500"]
[EventDate "2018.05.05"]
[PlyCount "68"]

1.e4 d6 2.d4 Nf6 3.Bd3 Nc6 4.c3 e5 5.Ne2 g6 6.O-O Bg7 7.d5 Ne7 8.f4 O-O 9.
Nd2 c6 10.fxe5 dxe5 11.c4 Ng4 12.Nf3 cxd5 13.cxd5 Qb6+ 14.Kh1 Nf2+ 15.Rxf2
Qxf2 16.b3 Nxd5 17.Ba3 Ne3 18.Qg1 Qxg1+ 19.Kxg1 Rd8 20.Bb5 Nc2 21.Be7 Nxa1
22.Bxd8 Bd7 23.Bxd7 Rxd8 24.Bb5 Nc2 25.Nc3 a6 26.Bc4 b5 27.Bd5 Rc8 28.Ne2 
Nb4 29.Kf2 Nxd5 30.exd5 Rd8 31.a4 bxa4 32.bxa4 Rxd5 33.Ke3 f5 34.Ng5 Bh6 
0-1

[Event "48th Bosna it"]
[Site "Sarajevo BIH"]
[Date "2018.05.05"]
[Round "1.11"]
[White "Cvitan, Ognjen"]
[Black "Janjic, Jovo"]
[Result "1-0"]
[WhiteElo "2487"]
[BlackElo "1981"]
[EventDate "2018.05.05"]
[PlyCount "39"]

1.d4 d5 2.c4 e6 3.Nc3 Nf6 4.cxd5 exd5 5.Bg5 Be7 6.e3 O-O 7.Bd3 Be6 8.Nge2 
Nbd7 9.O-O c5 10.dxc5 Nxc5 11.Nf4 h6 12.Bh4 g5 13.Nxe6 fxe6 14.Bg3 Nxd3 
15.Qxd3 Kg7 16.Nb5 a6 17.Nc7 Qd7 18.Nxa8 Rxa8 19.Rae1 Bd6 20.Qc3 1-0

[Event "48th Bosna it"]
[Site "Sarajevo BIH"]
[Date "2018.05.05"]
[Round "1.12"]
[White "Kajevic, Dzevad"]
[Black "Blagojevic, Dragisa"]
[Result "0-1"]
[WhiteElo "1979"]
[BlackElo "2483"]
[EventDate "2018.05.05"]
[PlyCount "128"]

1.d4 d5 2.Nf3 Nf6 3.Nc3 c5 4.Bf4 cxd4 5.Nxd4 Nbd7 6.Nf3 e6 7.e3 Bb4 8.Bd3 
Bxc3+ 9.bxc3 b6 10.Bd6 Bb7 11.O-O Rc8 12.Qd2 Nc5 13.Be5 O-O 14.Bd4 Nfe4 
15.Qe1 Nd6 16.Qe2 Nxd3 17.cxd3 f6 18.c4 dxc4 19.dxc4 e5 20.Bb2 Nxc4 21.
Rfd1 Qe7 22.Ne1 Qb4 23.Rab1 Be4 24.Nd3 Qa5 25.Ba1 Na3 26.Rbc1 Qa6 27.Bb2 
Rcd8 28.Nf4 Qxe2 29.Nxe2 Nc4 30.Bc3 Bd3 31.Ng3 Rf7 32.Be1 Nb2 33.Rd2 Na4 
34.e4 Rfd7 35.f4 b5 36.a3 Nb6 37.Rb2 Bc4 38.Rbb1 Bd3 39.Rb3 Bc4 40.Rbb1 
Rd3 41.Bb4 R8d7 42.Nf5 g6 43.Ne7+ Kf7 44.Nc6 Ba2 45.Rb2 Be6 46.Rc5 Na4 47.
Rbc2 Nxc5 48.Rxc5 a6 49.Nb8 Ra7 50.Nc6 Ra8 51.Na5 Rc8 52.Rc6 Rxc6 53.Nxc6 
Bd7 54.Nd8+ Kg7 55.Nb7 Bc8 56.Na5 Be6 57.Kf2 Bc4 58.g4 h5 59.h3 h4 60.Nc6 
g5 61.Na5 Rd1 62.Nc6 Rf1+ 63.Ke3 Rh1 64.Ne7 Rxh3+ 0-1

[Event "48th Bosna it"]
[Site "Sarajevo BIH"]
[Date "2018.05.05"]
[Round "1.13"]
[White "Sadikhov, Ulvi"]
[Black "Yerden, Huseyin Eren"]
[Result "1/2-1/2"]
[WhiteElo "2473"]
[BlackElo "1975"]
[EventDate "2018.05.05"]
[PlyCount "50"]

1.e4 c5 2.Nf3 d6 3.Nc3 Nf6 4.e5 dxe5 5.Nxe5 a6 6.a4 e6 7.g3 Qc7 8.Nc4 Bd7 
9.d3 Bc6 10.Bf4 Qd8 11.Rg1 Be7 12.a5 O-O 13.Qe2 Nbd7 14.Bh3 Nd5 15.Bd2 Nb4
16.O-O-O b5 17.axb6 Nxb6 18.Ne5 Bf6 19.Nxc6 Nxc6 20.Qe4 Nd4 21.g4 Nd5 22.
g5 Be7 23.Nxd5 exd5 24.Qg4 Rb8 25.Rge1 Ne6 1/2-1/2

[Event "48th Bosna it"]
[Site "Sarajevo BIH"]
[Date "2018.05.05"]
[Round "1.14"]
[White "Dedic, Nedzad"]
[Black "Schreiner, Peter"]
[Result "0-1"]
[WhiteElo "1973"]
[BlackElo "2473"]
[EventDate "2018.05.05"]
[PlyCount "114"]

1.e4 e5 2.Nf3 Nc6 3.Bc4 Bc5 4.c3 Nf6 5.b4 Be7 6.Qb3 O-O 7.O-O Nxe4 8.Bd5 
Nf6 9.Bxc6 dxc6 10.Nxe5 Be6 11.Qd1 a5 12.bxa5 Rxa5 13.d4 Rxa2 14.Rxa2 Bxa2
15.Nd2 Be6 16.Bb2 c5 17.Ndf3 Ng4 18.Nd3 cxd4 19.Nxd4 Qd6 20.g3 Bc8 21.Re1 
Bf6 22.h3 Bxd4 23.cxd4 Nf6 24.Qb3 Qd5 25.Qxd5 Nxd5 26.Kg2 b6 27.f3 Bb7 28.
Nf4 Nxf4+ 29.gxf4 Bd5 30.Re7 c6 31.Ra7 Re8 32.Kf2 h6 33.Ba3 Kh7 34.Be7 Kg6
35.Rb7 Kf5 36.Kg3 b5 37.Ra7 h5 38.h4 Rh8 39.Bd6 Rh6 40.Be5 b4 41.Rb7 b3 
42.Kf2 f6 43.Bd6 g6 44.Ke3 Rh8 45.Bb8 Re8+ 46.Kd2 Bxf3 47.Rxb3 Re2+ 48.Kc1
Bd5 49.Ra3 Kg4 50.Rc3 f5 51.Kd1 Rg2 52.Ke1 Kxh4 53.Kf1 Kg4 54.Re3 Rb2 55.
Bd6 h4 56.Ba3 Ra2 57.Bc1 h3 0-1

[Event "48th Bosna it"]
[Site "Sarajevo BIH"]
[Date "2018.05.05"]
[Round "1.15"]
[White "Kalezic, Blazo"]
[Black "Korjenic, Esef"]
[Result "1-0"]
[WhiteElo "2463"]
[BlackElo "1939"]
[EventDate "2018.05.05"]
[PlyCount "87"]

1.e4 c5 2.Nf3 Nc6 3.Nc3 d6 4.d4 cxd4 5.Nxd4 Bd7 6.Be3 Nf6 7.f3 g6 8.Qd2 h5
9.Bc4 Bg7 10.O-O-O a6 11.Kb1 Qc7 12.Bb3 Na5 13.Bg5 Nc4 14.Qd3 b5 15.Bxf6 
exf6 16.Nde2 O-O 17.Bxc4 bxc4 18.Qxd6 Qxd6 19.Rxd6 Be6 20.Nd4 Rfd8 21.
Rxd8+ Rxd8 22.Nxe6 fxe6 23.Rd1 Rxd1+ 24.Nxd1 f5 25.c3 Bh6 26.b4 cxb3 27.
axb3 Kf7 28.Nb2 Kf6 29.Nd3 Be3 30.b4 g5 31.h3 h4 32.Kc2 g4 33.Kb3 Ke7 34.
Ka4 gxh3 35.gxh3 fxe4 36.fxe4 Bb6 37.c4 Kf6 38.c5 Bc7 39.b5 axb5+ 40.Kxb5 
Ke7 41.Kc6 Kd8 42.Kb7 Ba5 43.c6 Bc7 44.Nc5 1-0

[Event "48th Bosna it"]
[Site "Sarajevo BIH"]
[Date "2018.05.05"]
[Round "1.16"]
[White "Trisha, Kanyamarala"]
[Black "Dizdarevic, Emir"]
[Result "1/2-1/2"]
[WhiteElo "1932"]
[BlackElo "2458"]
[EventDate "2018.05.05"]
[PlyCount "55"]

1.Nf3 b6 2.c4 Bb7 3.Nc3 Nf6 4.g3 e6 5.Bg2 Bb4 6.Qc2 O-O 7.O-O Re8 8.a3 
Bxc3 9.Qxc3 d6 10.d3 Nbd7 11.b4 e5 12.Rb1 a5 13.e4 axb4 14.axb4 c6 15.b5 
cxb5 16.Rxb5 Qc7 17.Bd2 Ra6 18.Ra1 Rea8 19.Rxa6 Rxa6 20.h3 Bc6 21.Rb1 Qa7 
22.Qb4 Nc5 23.Be3 Nfd7 24.Ne1 h6 25.h4 Ra4 26.Qb2 Ra2 27.Qb4 Ra4 28.Qb2 
1/2-1/2

[Event "48th Bosna it"]
[Site "Sarajevo BIH"]
[Date "2018.05.05"]
[Round "1.17"]
[White "Tratar, Marko"]
[Black "Selimovic, Amir"]
[Result "1-0"]
[WhiteElo "2456"]
[BlackElo "1932"]
[EventDate "2018.05.05"]
[PlyCount "61"]

1.Nf3 Nf6 2.c4 g6 3.Nc3 Bg7 4.e4 d6 5.d4 O-O 6.Be2 Na6 7.Bf4 Bg4 8.h3 Bxf3
9.Bxf3 Nd7 10.Bg5 c5 11.d5 Qa5 12.Qd2 Ne5 13.Be2 Qb4 14.Nb5 Qxd2+ 15.Kxd2 
f6 16.Be3 f5 17.f4 Nd7 18.exf5 gxf5 19.Rab1 Nf6 20.Bd3 Nh5 21.g4 Ng3 22.
Rhg1 Ne4+ 23.Bxe4 fxe4 24.a3 Rfc8 25.Nc3 Bxc3+ 26.bxc3 b6 27.f5 Nb8 28.Bg5
Re8 29.Rge1 Nd7 30.Rxe4 Ne5 31.Bf4 1-0

[Event "48th Bosna it"]
[Site "Sarajevo BIH"]
[Date "2018.05.05"]
[Round "1.18"]
[White "Colpa, Husein"]
[Black "Drasko, Milan"]
[Result "0-1"]
[WhiteElo "1922"]
[BlackElo "2449"]
[EventDate "2018.05.05"]
[PlyCount "44"]

1.d4 e6 2.Nf3 Nf6 3.Nbd2 d5 4.e3 c5 5.dxc5 Bxc5 6.Bb5+ Nbd7 7.c3 O-O 8.O-O
Qc7 9.Re1 b6 10.Bd3 Bd6 11.e4 Nc5 12.e5 Nxd3 13.exd6 Qxd6 14.Re3 Nxf2 15.
Qa4 N2g4 16.Re2 Qc5+ 17.Kf1 Bd7 18.Qf4 Bb5 19.c4 dxc4 20.a4 Ba6 21.b4 cxb3
22.Ba3 Qf2# 0-1

[Event "48th Bosna it"]
[Site "Sarajevo BIH"]
[Date "2018.05.05"]
[Round "1.19"]
[White "Radovanovic, Nikola"]
[Black "Stankovic, Dragan"]
[Result "1-0"]
[WhiteElo "2438"]
[BlackElo "1919"]
[EventDate "2018.05.05"]
[PlyCount "51"]

1.d4 d5 2.c4 c6 3.Nf3 Nf6 4.Qc2 e6 5.g3 Nbd7 6.Bg2 Bd6 7.O-O O-O 8.b3 b6 
9.Nc3 Ba6 10.e4 dxe4 11.Nxe4 Nxe4 12.Qxe4 Rc8 13.Bb2 Nf6 14.Qe2 Qe7 15.
Rad1 Qb7 16.Ne5 b5 17.Qc2 bxc4 18.bxc4 Bxe5 19.dxe5 Nd7 20.Ba3 Rfe8 21.Rb1
Qc7 22.Qa4 Bxc4 23.Qxc4 Nxe5 24.Qa6 Rb8 25.f4 Ng4 26.Bc5 1-0

[Event "48th Bosna it"]
[Site "Sarajevo BIH"]
[Date "2018.05.05"]
[Round "1.20"]
[White "Zenelaj, Fisnik"]
[Black "Krishna, C. R. G."]
[Result "0-1"]
[WhiteElo "1909"]
[BlackElo "2416"]
[EventDate "2018.05.05"]
[PlyCount "65"]

1.c4 Nf6 2.g3 c6 3.Bg2 d6 4.Nc3 e5 5.e4 Be7 6.Nge2 O-O 7.d3 a6 8.a4 a5 9.
O-O Na6 10.h3 Nb4 11.Kh2 d5 12.f4 dxe4 13.dxe4 Nd7 14.Be3 Nc5 15.Bxc5 Bxc5
16.fxe5 Qc7 17.Nf4 Qxe5 18.Qh5 Qxh5 19.Nxh5 Be6 20.b3 Bd4 21.Rac1 f6 22.
Ne2 Be5 23.Nhf4 Bf7 24.h4 g5 25.hxg5 fxg5 26.Nh3 Bh5 27.Neg1 h6 28.Rf5 Bg4
29.Rxe5 Nd3 30.Rxg5+ hxg5 31.Rc3 Ne1 32.Re3 Nxg2 33.Kxg2 0-1

[Event "48th Bosna it"]
[Site "Sarajevo BIH"]
[Date "2018.05.05"]
[Round "1.21"]
[White "Runic, Zoran"]
[Black "Vujicic, Dragisa"]
[Result "1-0"]
[WhiteElo "2408"]
[BlackElo "1900"]
[EventDate "2018.05.05"]
[PlyCount "57"]

1.e4 e5 2.Nf3 Nc6 3.Bb5 a6 4.Ba4 Nf6 5.Bxc6 dxc6 6.d3 Bg4 7.h3 Bxf3 8.Qxf3
Bd6 9.Bg5 Qe7 10.Nd2 Qe6 11.Bxf6 Qxf6 12.Qxf6 gxf6 13.Nf3 a5 14.Ke2 a4 15.
Nh4 Kd7 16.Nf5 Ra5 17.h4 Rg8 18.g3 Rga8 19.h5 R8a6 20.Rh4 Rb5 21.Rb1 Ba3 
22.Rg4 Rxb2 23.Rxb2 Bxb2 24.Rg7 Bc1 25.Rxf7+ Kd8 26.Rxh7 Rb6 27.h6 Bxh6 
28.Rxh6 Rb2 29.Kd2 1-0

[Event "48th Bosna it"]
[Site "Sarajevo BIH"]
[Date "2018.05.05"]
[Round "1.22"]
[White "Taylor, Robert Graham"]
[Black "Ivic, Velimir"]
[Result "0-1"]
[WhiteElo "1889"]
[BlackElo "2405"]
[EventDate "2018.05.05"]
[PlyCount "70"]

1.Nf3 Nf6 2.g3 g6 3.Bg2 Bg7 4.c4 O-O 5.Nc3 d6 6.d3 e5 7.O-O Nc6 8.Rb1 a5 
9.a3 h6 10.b4 axb4 11.axb4 Be6 12.h3 e4 13.Nxe4 Nxe4 14.dxe4 Bxc4 15.Bb2 
Bxb2 16.Rxb2 Qf6 17.Qd2 b5 18.e5 Nxe5 19.Nxe5 Qxe5 20.Bxa8 Rxa8 21.Rd1 Re8
22.Re1 h5 23.e4 d5 24.f4 Qe6 25.e5 Qxh3 26.Qg2 Qg4 27.Rf2 Qf5 28.Ra1 d4 
29.Ra6 Rd8 30.Rf6 Qg4 31.f5 Bd5 32.Qh2 g5 33.e6 Ra8 34.exf7+ Kf8 35.Kf1 
Ra3 0-1

[Event "48th Bosna it"]
[Site "Sarajevo BIH"]
[Date "2018.05.05"]
[Round "1.23"]
[White "Manea, Alexandru"]
[Black "Cabric, Izet"]
[Result "1-0"]
[WhiteElo "2402"]
[BlackElo "1885"]
[EventDate "2018.05.05"]
[PlyCount "61"]

1.d4 Nf6 2.Bf4 c5 3.d5 d6 4.c4 e6 5.Nc3 exd5 6.cxd5 a6 7.e4 b5 8.Nf3 b4 9.
Na4 Nxe4 10.Qe2 f5 11.Nd2 Be7 12.Nc4 O-O 13.f3 Nf6 14.Nab6 Ra7 15.O-O-O a5
16.Nxc8 Qxc8 17.Bxd6 Bxd6 18.Nxd6 Qd7 19.Qe6+ Qxe6 20.dxe6 g6 21.Bb5 Kg7 
22.Rhe1 Ng8 23.Rd5 Na6 24.Bxa6 Rxa6 25.e7 Nxe7 26.Rxe7+ Kf6 27.Re1 h5 28.
f4 a4 29.Ne8+ Kf7 30.Rd7+ Kg8 31.Ree7 1-0

[Event "48th Bosna it"]
[Site "Sarajevo BIH"]
[Date "2018.05.05"]
[Round "1.24"]
[White "Tomic, Jelena"]
[Black "Marjanovic, Dejan"]
[Result "0-1"]
[WhiteElo "1881"]
[BlackElo "2391"]
[EventDate "2018.05.05"]
[PlyCount "86"]

1.e4 d6 2.d4 Nf6 3.Nc3 Nbd7 4.Nf3 e5 5.dxe5 dxe5 6.Bc4 Bb4 7.O-O O-O 8.Bg5
c6 9.Ne2 h6 10.Bxf6 Qxf6 11.Ng3 a5 12.a3 Bc5 13.Qe2 b5 14.Bd3 Re8 15.Rad1 
Nf8 16.h3 Ne6 17.Nh5 Qe7 18.c3 g6 19.Ng3 Nf4 20.Qc2 Qf6 21.Be2 Qe6 22.Nh2 
h5 23.Bf3 Qf6 24.Rfe1 Qg5 25.Kh1 a4 26.Ngf1 Be6 27.Rd2 Bb3 28.Qc1 Rad8 29.
Rxd8 Rxd8 30.g3 Nxh3 31.Qxg5 Nxg5 32.Kg2 Be6 33.Re2 Bh3+ 34.Kg1 Rd1 35.Bg2
Be6 36.Rd2 Rb1 37.Kh1 Nh3 38.Bxh3 Bxh3 39.Kg1 Kg7 40.Rc2 g5 41.Rd2 h4 42.
g4 Bxf1 43.Nxf1 h3 0-1

[Event "48th Bosna it"]
[Site "Sarajevo BIH"]
[Date "2018.05.05"]
[Round "1.25"]
[White "Stoyanov, Tsvetan"]
[Black "Janjic, Nikola"]
[Result "1-0"]
[WhiteElo "2373"]
[BlackElo "1874"]
[EventDate "2018.05.05"]
[PlyCount "83"]

1.e4 e5 2.Nf3 Nf6 3.Nxe5 d6 4.Nf3 Nxe4 5.d4 Bg4 6.Bd3 d5 7.Be3 Bd6 8.Nbd2 
f5 9.h3 Bxf3 10.gxf3 Nxd2 11.Qxd2 O-O 12.Bf4 Qe7+ 13.Kd1 Nc6 14.c3 Rae8 
15.Kc2 Nd8 16.Rae1 Ne6 17.Be5 g6 18.h4 Ng7 19.h5 Bxe5 20.hxg6 hxg6 21.dxe5
Qe6 22.f4 Kf7 23.Rh7 Rh8 24.Reh1 Rxh7 25.Rxh7 Rg8 26.Qe3 b6 27.Qg3 Kf8 28.
Qg5 Kf7 29.Be2 Qe7 30.Qg3 Qe6 31.Qd3 c6 32.Qa6 Qd7 33.Bf3 Ke6 34.c4 Rd8 
35.Qa4 Kf7 36.cxd5 cxd5 37.e6+ Kxe6 38.Qd4 Qc7+ 39.Kb1 Rd7 40.Rxg7 Rxg7 
41.Bxd5+ Kd7 42.Qxg7+ 1-0

[Event "48th Bosna it"]
[Site "Sarajevo BIH"]
[Date "2018.05.05"]
[Round "1.26"]
[White "Stanivukovic, Drago"]
[Black "Nestorovic, Lazar"]
[Result "0-1"]
[WhiteElo "1872"]
[BlackElo "2370"]
[EventDate "2018.05.05"]
[PlyCount "138"]

1.d4 Nf6 2.c4 e6 3.Nc3 Bb4 4.Qb3 a5 5.a3 Bxc3+ 6.Qxc3 a4 7.Bg5 d6 8.g3 
Nbd7 9.Bg2 O-O 10.Bxf6 Qxf6 11.Nf3 e5 12.O-O Qe7 13.e3 e4 14.Nd2 f5 15.f3 
exf3 16.Rxf3 Nf6 17.Re1 d5 18.Rf2 Be6 19.cxd5 Nxd5 20.Bxd5 Bxd5 21.Qd3 g6 
22.Rfe2 Qg5 23.e4 fxe4 24.Nxe4 Qh5 25.Nc3 Bf3 26.Rf2 Rf7 27.Ref1 Raf8 28.
Qc4 Kg7 29.Qxa4 Qg4 30.d5 Qxa4 31.Nxa4 Bxd5 32.Rxf7+ Bxf7 33.Rc1 c6 34.Nc5
Bd5 35.Re1 Rf7 36.Ne6+ Kf6 37.Nf4 Bc4 38.Rc1 Bb5 39.Rd1 g5 40.Nd3 Rd7 41.
Nf2 Rxd1+ 42.Nxd1 Ke5 43.Kf2 Ke4 44.a4 Ba6 45.b4 Kd4 46.Ne3 Kc3 47.b5 cxb5
48.axb5 Bxb5 49.Kf3 Kd3 50.Kf2 Bd7 51.Nd5 b5 52.Ke1 Be6 53.Nc7 Bc4 54.Na6 
g4 55.Nb4+ Kc3 56.Nc6 b4 57.Nxb4 Kxb4 58.Kd2 Kc5 59.Ke3 Kd6 60.Kf4 Be6 61.
Ke4 Ke7 62.Ke5 Kf7 63.Ke4 Kf6 64.Kf4 Bf5 65.Ke3 Ke5 66.Ke2 Kd4 67.Ke1 Ke3 
68.Kf1 Be4 69.Kg1 Ke2 0-1

[Event "48th Bosna it"]
[Site "Sarajevo BIH"]
[Date "2018.05.05"]
[Round "1.28"]
[White "Zenelaj, Samuel"]
[Black "Bistric, Faruk"]
[Result "0-1"]
[WhiteElo "1840"]
[BlackElo "2346"]
[EventDate "2018.05.05"]
[PlyCount "86"]

1.c4 e5 2.Nc3 Nc6 3.Nf3 d6 4.e3 f5 5.d4 e4 6.d5 Nce7 7.Nd4 Nf6 8.b4 Ng6 9.
Bb2 Be7 10.Qd2 O-O 11.O-O-O Ne8 12.f4 exf3 13.gxf3 f4 14.e4 Bf6 15.c5 a5 
16.a3 axb4 17.axb4 Be5 18.Ne6 Bxe6 19.dxe6 Qe7 20.Nd5 Bxb2+ 21.Qxb2 Qd8 
22.Rg1 Ne7 23.Bb5 c6 24.Rxg7+ Nxg7 25.Rg1 Ng6 26.e7 Qe8 27.exf8=Q+ Qxf8 
28.Nf6+ Kh8 29.Be2 Rd8 30.cxd6 Rxd6 31.Nh5 Qe7 32.h4 Rd7 33.Rg5 Qd8 34.Rg4
Qb6 35.Kb1 Rd4 36.Bb5 Nxh5 37.Rg5 Ng7 38.h5 Qd8 39.h6 Ne6 40.Rf5 cxb5 41.
Rd5 Qb6 42.Rc5 Kg8 43.Qb3 Qa6 0-1

[Event "48th Bosna it"]
[Site "Sarajevo BIH"]
[Date "2018.05.05"]
[Round "1.30"]
[White "Camdzija, Samir"]
[Black "Arapovic, Vitomir"]
[Result "0-1"]
[WhiteElo "1822"]
[BlackElo "2329"]
[EventDate "2018.05.05"]
[PlyCount "68"]

1.e4 g6 2.Nf3 Bg7 3.d4 d6 4.h3 Nf6 5.Bd3 Nc6 6.c3 O-O 7.O-O e5 8.d5 Ne7 9.
Be3 Nd7 10.c4 f5 11.Ng5 Nf6 12.Nc3 c6 13.f4 h6 14.fxe5 hxg5 15.exf6 Bxf6 
16.exf5 Nxf5 17.Bf2 Be5 18.dxc6 bxc6 19.Rb1 Kg7 20.Ne4 d5 21.Nc5 Bc7 22.
Bxf5 Bxf5 23.Bd4+ Kh6 24.Rxf5 Rxf5 25.g4 Rf7 26.Qd2 Qd6 27.cxd5 Qxd5 28.h4
Rd8 29.Rd1 Qf3 30.hxg5+ Kh7 31.Ne6 Qxg4+ 32.Kh1 Qh3+ 33.Kg1 Qxe6 34.Qg2 
Rxd4 0-1

[Event "48th Bosna it"]
[Site "Sarajevo BIH"]
[Date "2018.05.05"]
[Round "1.31"]
[White "Jakupovic, Neven"]
[Black "Zechner, Andrea"]
[Result "1-0"]
[WhiteElo "2324"]
[BlackElo "1811"]
[EventDate "2018.05.05"]
[PlyCount "81"]

1.c4 c6 2.e4 d5 3.exd5 cxd5 4.d4 Nf6 5.Nc3 Nc6 6.Nf3 Bg4 7.cxd5 Nxd5 8.Be2
e6 9.O-O Be7 10.Be3 O-O 11.Qd2 Rc8 12.Rac1 Qa5 13.a3 a6 14.Rfd1 Rfd8 15.
Qe1 Nxc3 16.Rxc3 Bf6 17.h3 Bh5 18.Qf1 h6 19.Rc5 Qb6 20.Rxh5 Qxb2 21.Bc1 
Qb6 22.d5 exd5 23.Rhxd5 Re8 24.Rd7 Na5 25.Bd3 Qc6 26.Bb1 b5 27.Qd3 g6 28.
Rd6 Qc3 29.Qxc3 Bxc3 30.Bxh6 Nc4 31.Rxa6 Bb2 32.a4 bxa4 33.Rxa4 Bf6 34.Ra7
Red8 35.Rxd8+ Rxd8 36.Ba2 Rd1+ 37.Kh2 Nd6 38.Rd7 Bc3 39.Ng5 Be5+ 40.g3 Ra1
41.Rd8+ 1-0

[Event "48th Bosna it"]
[Site "Sarajevo BIH"]
[Date "2018.05.05"]
[Round "1.32"]
[White "Odzak, Senad"]
[Black "Dietmayer-Kraeutler, Marco"]
[Result "0-1"]
[WhiteElo "1802"]
[BlackElo "2318"]
[EventDate "2018.05.05"]
[PlyCount "122"]

1.d4 Nf6 2.Bf4 e6 3.c3 c5 4.e3 Nc6 5.Nf3 Be7 6.Nbd2 Nh5 7.Bg3 Nxg3 8.hxg3 
b6 9.e4 Bb7 10.d5 Nb8 11.c4 d6 12.Nh4 exd5 13.exd5 Bf6 14.Rb1 O-O 15.Bd3 
Re8+ 16.Kf1 g6 17.Ne4 Bg7 18.f4 Qe7 19.g4 Nd7 20.Qf3 Nf6 21.Nxf6+ Qxf6 22.
Qf2 b5 23.b3 Qc3 24.Rh3 Bd4 25.Qc2 Qxc2 26.Bxc2 bxc4 27.bxc4 Ba6 28.Bb3 
Re4 29.Rf3 Rae8 30.g3 Bc8 31.Ba4 Rf8 32.Re1 Rxe1+ 33.Kxe1 Bxg4 34.Rb3 Bc8 
35.Nf3 Bf6 36.Nd2 Bd8 37.Ne4 Bf5 38.Nxd6 Bc2 39.Ra3 Ba5+ 40.Kf2 Bb4 41.Rb3
Bxb3 42.axb3 Rb8 43.Nb5 Rb7 44.Nd6 Re7 45.Nc8 Rc7 46.Nd6 Kf8 47.Ne4 Rb7 
48.g4 h6 49.Kf3 Ke7 50.Ng3 Rb8 51.Kg2 Rf8 52.f5 Kd6 53.Kf3 Ke5 54.Bb5 Rh8 
55.Bd7 h5 56.fxg6 fxg6 57.gxh5 gxh5 58.Ne4 h4 59.Ng5 Rg8 60.Nf7+ Kf6 61.
Nd6 Ke7 0-1

[Event "48th Bosna it"]
[Site "Sarajevo BIH"]
[Date "2018.05.05"]
[Round "1.33"]
[White "Vlatkovic, Milos"]
[Black "Erceg, Slobodan"]
[Result "1-0"]
[WhiteElo "2318"]
[BlackElo "1791"]
[EventDate "2018.05.05"]
[PlyCount "73"]

1.d4 b6 2.c4 e6 3.Nf3 Bb7 4.Nc3 h6 5.e3 Nf6 6.Bd3 Bb4 7.Bd2 O-O 8.Qc2 d5 
9.a3 Bxc3 10.Bxc3 dxc4 11.Bxc4 Be4 12.Qe2 Nd5 13.Bd2 Nd7 14.O-O c6 15.Ne1 
Bg6 16.e4 N5f6 17.f3 Re8 18.Nd3 a5 19.Rfd1 Qe7 20.Rac1 Rac8 21.Ba6 Rc7 22.
Bb5 Nb8 23.Ba4 Rd8 24.Be3 b5 25.Bb3 Na6 26.Ne5 Rdc8 27.Nxg6 fxg6 28.a4 Nb4
29.axb5 cxb5 30.Qxb5 Rxc1 31.Rxc1 Rxc1+ 32.Bxc1 Qd6 33.Be3 Qe7 34.Qxa5 Nc6
35.Qa8+ Qe8 36.Bxe6+ Kh7 37.Qxe8 1-0